| 000 | 00528nam a22001697a 4500 | ||
|---|---|---|---|
| 005 | 20230912162632.0 | ||
| 010 | _aENG-137886 | ||
| 020 |
_a9789390670246 _c450.00 |
||
| 035 | _aEN-121418 | ||
| 037 | _bDBAD/PUB | ||
| 082 | _a881 | ||
| 245 |
_aEmerging Horizons: _bAn Anthology of English Poetry / _cEd. by Ravi Ranganathan |
||
| 260 |
_aHaryana _bEarth Vision Publications _c2021 |
||
| 270 |
_aH-23,/16, DLF, Phase 1, Gurugram _bNew Delhi _e122002 |
||
| 300 |
_a67p. _c22cm(pbk) |
||
| 942 |
_2ddc _cEN _h881 _mEME |
||
| 999 |
_c197609 _d197609 |
||